| 000 | 00451pab a2200157 454500 | ||
|---|---|---|---|
| 008 | 180718b2001 xxu||||| |||| 00| 0 eng d | ||
| 100 | _aBreen, Richard | ||
| 245 | _aSocial mobility and constitutional and political preferences in Northern Ireland | ||
| 260 | _c2001 | ||
| 300 | _ap.621-45 | ||
| 362 | _aDec | ||
| 650 | _aSocial mobility - Northern Ireland | ||
| 650 | _aSocial mobility | ||
| 773 | _aBritish Journal of Sociology | ||
| 909 | _a51627 | ||
| 999 |
_c51627 _d51627 |
||